[Event "O pohar mesta Ricany 2016"]
[Site "Kulturni centrum Labut, 17. Listopadu 214 25101 Ricany"]
[Date "2016.08.31"]
[Round "6.7"]
[White "Hrdina, Robin"]
[Black "Krivanek, Vladimir"]
[Result "1-0"]
[WhiteElo "2120"]
[BlackElo "2109"]
[PlyCount "0"]
[EventDate "2016.08.31"]

1. b3 {[%clk 1:30:57]} e5 {[%clk 1:30:09]} 2. Bb2 {[%clk 1:31:16]} Nc6
{[%clk 1:30:24]} 3. e3 {[%clk 1:31:40]} Nf6 {[%clk 1:29:31]} 4. Bb5
{[%clk 1:31:14]} d6 {[%clk 1:26:59]} 5. Ne2 {[%clk 1:31:34]} Bd7 {[%clk 1:26:37]}
6. O-O {[%clk 1:30:44]} a6 {[%clk 1:24:38]} 7. Bxc6 {[%clk 1:30:33]} Bxc6
{[%clk 1:24:43]} 8. c4 {[%clk 1:25:44]} Be7 {[%clk 1:22:17]} 9. d4
{[%clk 1:24:17]} exd4 {[%clk 1:21:59]} 10. Nxd4 {[%clk 1:24:18]} Bd7
{[%clk 1:21:40]} 11. Nc3 {[%clk 1:20:58]} O-O {[%clk 1:18:09]} 12. Qf3
{[%clk 1:16:21]} c6 {[%clk 1:13:53]} 13. h3 {[%clk 1:14:25]} Qa5 {[%clk 1:11:14]}
14. Rad1 {[%clk 1:07:34]} Rad8 {[%clk 1:09:41]} 15. e4 {[%clk 0:59:51]} Rfe8
{[%clk 1:08:40]} 16. a3 {[%clk 0:49:48]} g6 {[%clk 0:50:22]} 17. Nde2
{[%clk 0:32:29]} Qh5 {[%clk 0:42:06]} 18. Qd3 {[%clk 0:31:43]} Bc8
{[%clk 0:36:59]} 19. Ng3 {[%clk 0:31:25]} Qh4 {[%clk 0:34:44]} 20. Qd4
{[%clk 0:27:55]} c5 {[%clk 0:26:24]} 21. Qd3 {[%clk 0:25:05]} Bf8
{[%clk 0:18:43]} 22. Nd5 {[%clk 0:15:35]} Nxd5 {[%clk 0:16:52]} 23. cxd5
{[%clk 0:13:04]} Bg7 {[%clk 0:12:39]} 24. Bxg7 {[%clk 0:13:27]} Kxg7
{[%clk 0:13:04]} 25. f4 {[%clk 0:13:17]} Qe7 {[%clk 0:11:03]} 26. Rfe1
{[%clk 0:11:14]} f6 {[%clk 0:11:02]} 27. Qc3 {[%clk 0:08:59]} Qf7
{[%clk 0:09:25]} 28. e5 {[%clk 0:03:29]} dxe5 {[%clk 0:09:05]} 29. fxe5
{[%clk 0:03:57]} Rxd5 {[%clk 0:03:34]} 30. exf6+ {[%clk 0:03:53]} Kf8
{[%clk 0:03:32]} 31. Rxe8+ {[%clk 0:04:12]} Kxe8 {[%clk 0:03:54]} 32. Qe3+
{[%clk 0:04:26]} Kd7 {[%clk 0:02:28]} 33. Rxd5+ {[%clk 0:04:37]} Qxd5
{[%clk 0:02:52]} 34. Qe7+ {[%clk 0:04:54]} Kc6 {[%clk 0:03:18]} 35. f7
{[%clk 0:05:02]} Bxh3 {[%clk 0:01:36]} 36. Qe4 1-0

[Event "O pohar mesta Ricany 2016"]
[Site "Kulturni centrum Labut, 17. Listopadu 214 25101 Ricany"]
[Date "2016.08.31"]
[Round "6.8"]
[White "Hradecky, Ivo"]
[Black "Steiner, Juraj"]
[Result "1-0"]
[WhiteElo "2051"]
[BlackElo "2044"]
[PlyCount "0"]
[EventDate "2016.08.31"]

1. d4 Nf6 2. c4 e6 3. Nc3 Bb4 4. e3 d5 5. a3 Bxc3+ 6. bxc3 O-O 7. Bd3 c5 8. cxd5
Qxd5 9. Nf3 c4 10. Bb1 b5 11. a4 a6 12. axb5 axb5 13. Rxa8 Qxa8 14. Qc2 Bb7 15.
Ng5 Nbd7 16. f3 h6 17. Nh7 e5 18. Nxf6+ 1-0

[Event "O pohar mesta Ricany 2016"]
[Site "Kulturni centrum Labut, 17. Listopadu 214 25101 Ricany"]
[Date "2016.08.31"]
[Round "6.9"]
[White "Skacel, Jan"]
[Black "Rastocny, Josef"]
[Result "1/2-1/2"]
[WhiteElo "2030"]
[BlackElo "1908"]
[PlyCount "0"]
[EventDate "2016.08.31"]

1. c4 Nf6 2. Nf3 g6 3. g3 Bg7 4. Bg2 O-O 5. O-O d6 6. d4 Nc6 7. d5 Nb8 8. Nc3
e5 9. e4 Nbd7 10. Ne1 Ne8 11. Nd3 f5 12. f3 b6 13. Bd2 Rf7 14. Re1 h5 15. Nf2 f4
16. Bh3 Nf8 17. Bxc8 Qxc8 18. Kg2 Qd8 19. Rg1 Qf6 20. g4 hxg4 21. Nxg4 Qh4
22. Qe2 Nf6 23. Kh1 Bh8 24. Nxf6+ Bxf6 25. Rg4 Qh5 26. Rag1 Rh7 27. Be1 a6
28. Nd1 Kf7 29. R4g2 g5 30. Nf2 Nd7 31. Ng4 Be7 32. Bc3 Rah8 33. Rc1 Qh3 34. Rc2
Kf8 35. Rg1 Nf6 36. Nxf6 Bxf6 37. Rg4 Rh4 38. Rxh4 Qxh4 1/2-1/2

[Event "O pohar mesta Ricany 2016"]
[Site "Kulturni centrum Labut, 17. Listopadu 214 25101 Ricany"]
[Date "2016.08.31"]
[Round "6.10"]
[White "Hampel, Rudolf"]
[Black "Postupa, Pavel"]
[Result "0-1"]
[WhiteElo "1710"]
[BlackElo "1982"]
[PlyCount "0"]
[EventDate "2016.08.31"]

1. e4 c5 2. Nf3 e6 3. d4 cxd4 4. Nxd4 Nc6 5. Be3 Qc7 6. Be2 Nf6 7. Nxc6 bxc6
8. Nd2 d5 9. exd5 cxd5 10. O-O Bd6 11. h3 O-O 12. Bg5 Be7 13. f4 h6 14. Bh4 Rb8
15. Nb3 Rb4 16. Qd2 Ne4 17. Qe1 g5 18. fxg5 hxg5 19. Bf2 Nxf2 20. Rxf2 f5
21. Qd2 Qe5 22. c3 Rh4 23. Bd3 Kf7 24. Re1 Qh8 25. Rf3 g4 26. Rfe3 Bg5 27. Nd4
Qh6 28. Qf2 Bxe3 29. Rxe3 f4 30. Re5 f3 31. Qg3 f2+ 0-1

[Event "O pohar mesta Ricany 2016"]
[Site "Kulturni centrum Labut, 17. Listopadu 214 25101 Ricany"]
[Date "2016.08.31"]
[Round "6.11"]
[White "Otruba, Marek"]
[Black "Vavrinec, Tomas"]
[Result "1-0"]
[WhiteElo "1806"]
[BlackElo "1920"]
[PlyCount "0"]
[EventDate "2016.08.31"]

1. d4 Nf6 2. c4 c5 3. d5 e6 4. Nc3 exd5 5. cxd5 d6 6. Nf3 g6 7. Nd2 Nbd7 8. e4
Bg7 9. Be2 O-O 10. O-O Re8 11. Re1 a6 12. a4 b6 13. f4 Bb7 14. Bf3 Qe7 15. Qe2
Qf8 16. Qf1 Rab8 17. Nc4 Nh5 18. Bxh5 gxh5 19. Bd2 Bc8 20. Rab1 Nf6 21. e5 dxe5
22. fxe5 Ng4 23. Bf4 Bf5 24. Rbd1 Bc2 25. Rc1 Bb3 26. Nd2 b5 27. axb5 c4
28. Nxb3 cxb3 29. d6 Nxe5 30. d7 Re6 31. Nd5 Nxd7 32. Bxb8 Qxb8 33. Rxe6 fxe6
34. Ne7+ 1-0

[Event "O pohar mesta Ricany 2016"]
[Site "Kulturni centrum Labut, 17. Listopadu 214 25101 Ricany"]
[Date "2016.08.31"]
[Round "6.12"]
[White "Koper, Stefan"]
[Black "Kunc, Jan"]
[Result "1/2-1/2"]
[WhiteElo "1917"]
[BlackElo "1832"]
[PlyCount "0"]
[EventDate "2016.08.31"]

1. d4 Nf6 2. c4 g6 3. Nc3 Bg7 4. e4 d6 5. Be2 O-O 6. g4 e5 7. d5 Nbd7 8. g5 Ne8
9. Be3 f5 10. gxf6 Nexf6 11. h4 Nc5 12. Bf3 h5 13. b4 Na6 14. a3 Ng4 15. Bxg4
Bxg4 16. f3 Bc8 17. Ra2 Bf6 18. Rah2 Nb8 19. Ke2 a6 20. Qe1 Kh7 21. Rg2 Rg8
22. Bg5 Bd7 23. Qd2 b5 24. Nh3 Bxh3 25. Rxh3 Bxg5 26. Rxg5 Kg7 27. Rhg3 Kh7
28. cxb5 a5 29. Qc1 axb4 30. axb4 Nd7 31. Qg1 Qf6 32. Kd3 Nb6 33. Qc1 Ra7
34. Ne2 Rga8 35. Rxg6 Qxg6 36. Rxg6 Kxg6 37. Qg5+ Kf7 38. Qxh5+ Ke7 39. f4 Ra2
40. Ke3 R8a3+ 41. Kf2 exf4 42. Qg5+ Kd7 43. Qxf4 Rb3 44. Qg4+ Kd8 45. h5 Nc4
46. h6 Ne5 1/2-1/2

[Event "O pohar mesta Ricany 2016"]
[Site "Kulturni centrum Labut, 17. Listopadu 214 25101 Ricany"]
[Date "2016.08.31"]
[Round "6.13"]
[White "Zvolensky, David"]
[Black "Blumel, Otto"]
[Result "1-0"]
[WhiteElo "1585"]
[BlackElo "2061"]
[PlyCount "0"]
[EventDate "2016.08.31"]

1. e4 c5 2. Nf3 Nf6 3. e5 Nd5 4. d4 cxd4 5. Bc4 Nb6 6. Bb3 Nc6 7. O-O d5
8. Nxd4 Nxe5 9. Bf4 Ng6 10. Bg3 Bd7 11. Nc3 Bc6 12. Ndb5 e5 13. Re1 f6 14. f4
Bc5+ 15. Kh1 O-O 16. fxe5 f5 17. Nd4 Qe7 18. Bf2 Kh8 19. Bg1 Rae8 20. Ne6 Bxg1
21. Nxf8 Nf4 22. Rxg1 Rxf8 23. Ne2 Qxe5 24. Nxf4 Qxf4 25. Qf1 Qd6 26. Re1 f4
27. Qe2 Qg6 28. Qe7 Qf5 29. Re5 Qc8 30. Rg5 g6 31. Qe5+ Kg8 32. Rf1 Qe8 33. Qxe8
Bxe8 34. Bxd5+ Nxd5 35. Rxd5 Bc6 36. Ra5 Rd8 37. Rg5 Rd2 38. Rc1 Kg7 39. Kg1 Kf6
40. Rg4 Kf5 41. Rh4 Rxg2+ 42. Kf1 h5 43. Rh3 Kg4 44. Rc3 Rxh2 45. Re1 h4 46. Re6
g5 47. Rc5 h3 48. Rg6 Bg2+ 49. Ke1 Rh1+ 50. Kd2 Bf3 51. Rcxg5+ Kh4 52. Rg7 Re1
53. Kc3 1-0

[Event "O pohar mesta Ricany 2016"]
[Site "Kulturni centrum Labut, 17. Listopadu 214 25101 Ricany"]
[Date "2016.08.31"]
[Round "6.14"]
[White "Grecny, Karol"]
[Black "Paulovic, Milan"]
[Result "1-0"]
[WhiteElo "1934"]
[BlackElo "1821"]
[PlyCount "0"]
[EventDate "2016.08.31"]

1. e4 c5 2. Nf3 g6 3. Nc3 Bg7 4. d4 cxd4 5. Nxd4 Nc6 6. Nxc6 bxc6 7. Bc4 e6
8. O-O Ne7 9. Bg5 f6 10. Bf4 d5 11. exd5 exd5 12. Bb3 O-O 13. Re1 g5 14. Bg3 Nf5
15. Nxd5 Nxg3 16. hxg3 Kh8 17. Ne3 f5 18. c3 f4 19. Nf1 Qb6 20. gxf4 Rxf4
21. Re8+ Bf8 22. Ne3 Bb7 23. Qh5 Qc5 24. Rxa8 Bxa8 25. Qe8 Bb7 26. Qe6 Kg7
27. g3 Rf3 28. Ng4 Rxg3+ 29. Kh2 Rxg4 30. Qxg4 Qxf2+ 31. Kh3 Qe3+ 32. Kg2 c5+
33. Kf1 Qd3+ 34. Qe2 Bg2+ 35. Kf2 Qxe2+ 36. Kxe2 g4 37. Rg1 Bf3+ 38. Kd3 Bd6
39. Bd1 Bh2 40. Rxg4+ Bxg4 41. Bxg4 Kf6 42. Kc4 Bg1 43. Kb5 Kg5 44. Bd7 h5
45. Ka6 c4 46. Kb5 h4 47. Kxc4 Kf4 48. b4 Ke5 49. Kb5 Kd6 50. Bh3 Kc7 51. c4 Be3
52. c5 Bd2 53. Bg2 Bc1 54. a4 Bd2 55. Kc4 Be1 56. a5 Bd2 57. a6 Be1 58. b5 Bf2
59. b6+ axb6 60. a7 Bg1 1-0

[Event "O pohar mesta Ricany 2016"]
[Site "Kulturni centrum Labut, 17. Listopadu 214 25101 Ricany"]
[Date "2016.08.31"]
[Round "6.15"]
[White "Skokan, Frantisek"]
[Black "Benes, Karel"]
[Result "1-0"]
[WhiteElo "1930"]
[BlackElo "1713"]
[PlyCount "0"]
[EventDate "2016.08.31"]

1. d4 d5 2. Nf3 e6 3. a3 Nf6 4. c4 c6 5. Nc3 Nbd7 6. h3 Be7 7. e3 b6 8. Bd3 O-O
9. O-O Bb7 10. Bd2 Rc8 11. b4 Qc7 12. Rc1 Qb8 13. c5 Bd8 14. Ne1 e5 15. Bf5 g6
16. Bd3 Bc7 17. Be2 Rfe8 18. f4 exd4 19. exd4 Ne4 20. Bd3 Ndf6 21. Ne2 Nxd2
22. Qxd2 Ne4 23. Bxe4 Rxe4 24. f5 Kg7 25. f6+ Kh8 26. Qh6 Rg8 27. Nf3 Bf4
28. Nxf4 Qxf4 29. Ng5 1-0

[Event "O pohar mesta Ricany 2016"]
[Site "Kulturni centrum Labut, 17. Listopadu 214 25101 Ricany"]
[Date "2016.08.31"]
[Round "6.16"]
[White "Stanek, Ondrej"]
[Black "Hadrava, Jaroslav"]
[Result "1/2-1/2"]
[WhiteElo "1837"]
[BlackElo "1972"]
[PlyCount "0"]
[EventDate "2016.08.31"]

1. e4 e5 2. Nf3 Nc6 3. d4 exd4 4. Bc4 Nf6 5. e5 d5 6. Bb5 Ne4 7. Nxd4 Bd7
8. Bxc6 bxc6 9. O-O Bc5 10. f3 Ng5 11. f4 Ne4 12. Be3 Qe7 13. Nd2 Nxd2 14. Qxd2
O-O 15. Nb3 Bb6 16. Qc3 f6 17. Nc5 fxe5 18. fxe5 Rxf1+ 19. Rxf1 Rf8 20. Rxf8+
Kxf8 21. a4 a5 22. b4 axb4 23. Qxb4 Bc8 24. a5 Ba7 25. Qc3 Kg8 26. Nb3 d4
27. Bxd4 Qxe5 28. Kh1 Bxd4 29. Qxd4 Qe1+ 30. Qg1 Qe2 31. Nd4 Qe4 32. Qd1 Bb7
33. Qe2 c5 34. Qxe4 Bxe4 35. Nb5 Bxc2 36. Kg1 Kf7 37. Kf2 Be4 38. Nxc7 Ke7
39. Nb5 Bc6 40. Nc3 Kd7 41. g3 Kc7 42. Ke3 Bg2 43. Kd3 Kc6 44. Ke3 Kc7 45. Ne4
Kc6 1/2-1/2

[Event "O pohar mesta Ricany 2016"]
[Site "Kulturni centrum Labut, 17. Listopadu 214 25101 Ricany"]
[Date "2016.08.31"]
[Round "6.17"]
[White "Voracek, Zdenek"]
[Black "Konvalinka, Vladislav"]
[Result "1-0"]
[WhiteElo "1977"]
[BlackElo "1696"]
[PlyCount "0"]
[EventDate "2016.08.31"]

1. d4 d5 2. c4 c6 3. Nf3 dxc4 4. a4 Nf6 5. Nc3 Bf5 6. e3 e6 7. Bxc4 Bb4 8. O-O
Nbd7 9. Qb3 a5 10. Na2 Be7 11. Bd2 Qb6 12. Nc1 Nd5 13. Re1 Qxb3 14. Nxb3 Nb4
15. e4 Bg4 16. Rec1 O-O 17. Kf1 Nf6 18. Ne5 Bh5 19. f3 Rfc8 20. g4 Bg6 21. h4 h5
22. Nxg6 1-0

[Event "O pohar mesta Ricany 2016"]
[Site "Kulturni centrum Labut, 17. Listopadu 214 25101 Ricany"]
[Date "2016.08.31"]
[Round "6.18"]
[White "Pribyl, Jaroslav"]
[Black "Skrabanek, Matej"]
[Result "1/2-1/2"]
[WhiteElo "1960"]
[BlackElo "1680"]
[PlyCount "0"]
[EventDate "2016.08.31"]

1. d4 Nf6 2. Nc3 g6 3. e4 d6 4. f4 Nbd7 5. e5 dxe5 6. dxe5 Ng8 7. Bc4 e6 8. Be3
Ne7 9. Qf3 Bg7 10. O-O-O O-O 11. Nh3 c6 12. Bc5 Re8 13. Bxe7 Rxe7 14. Ng5 Qc7
15. Nce4 b5 16. Bb3 a5 17. a3 a4 18. Ba2 c5 19. Nd6 Rb8 20. Ngxf7 b4 21. Bc4 Nb6
22. Ng5 bxa3 23. Qxa3 Nxc4 24. Nxc4 Rb4 25. Nd6 Rxf4 26. Nxc8 Qxc8 27. Nf3 Qc7
28. Rhe1 Rb4 29. Rd3 Qb6 30. Rd6 Qb5 31. Qc3 Bh6+ 32. Nd2 Rb7 33. Qd3 Rd4
34. Qxb5 Bxd2+ 35. Kd1 Bxe1+ 36. Rxd4 Rxb5 37. Rd8+ Kg7 38. Kxe1 Rxb2 39. Kd2
Rb1 40. Ra8 Rg1 41. Rxa4 Rxg2+ 42. Ke3 Rg5 43. Ra7+ Kh6 44. Ke4 Rg2 45. Kd3
1/2-1/2

[Event "O pohar mesta Ricany 2016"]
[Site "Kulturni centrum Labut, 17. Listopadu 214 25101 Ricany"]
[Date "2016.08.31"]
[Round "6.19"]
[White "Novotny, Martin"]
[Black "Kovar, Jan"]
[Result "1-0"]
[WhiteElo "1557"]
[BlackElo "1912"]
[PlyCount "0"]
[EventDate "2016.08.31"]

1. d4 d5 2. c4 c6 3. Nc3 Nf6 4. e3 e6 5. Nf3 Nbd7 6. Qc2 Bd6 7. b3 O-O 8. Be2
b6 9. O-O Bb7 10. cxd5 exd5 11. Bb2 Re8 12. Bd3 Rc8 13. Rac1 h6 14. Rfe1 c5
15. dxc5 bxc5 16. Qd1 Qe7 17. Nb5 Bb8 18. Bf5 Rc6 19. Re2 a6 20. Na3 Ne5
21. Nxe5 Bxe5 22. Bxe5 Qxe5 23. Bh3 Ne4 24. Bd7 Nc3 25. Rxc3 Qxc3 26. Bxe8 Rb6
27. Bd7 Qb4 28. Nc2 Qe4 29. Ne1 d4 30. f3 Qe7 31. Bf5 1-0

[Event "O pohar mesta Ricany 2016"]
[Site "Kulturni centrum Labut, 17. Listopadu 214 25101 Ricany"]
[Date "2016.08.31"]
[Round "6.20"]
[White "Jirousek, Tadeas"]
[Black "Martinec, Karel"]
[Result "1/2-1/2"]
[WhiteElo "1577"]
[BlackElo "1889"]
[PlyCount "0"]
[EventDate "2016.08.31"]

1. e4 d6 2. d4 Nf6 3. f3 e5 4. d5 Be7 5. c4 a5 6. Nc3 O-O 7. Be3 Na6 8. Nge2
Bd7 9. g4 c6 10. Ng3 cxd5 11. cxd5 Ne8 12. Qd2 Rb8 13. Nf5 Bxf5 14. gxf5 Bh4+
15. Kd1 g5 16. Rg1 h6 17. f4 f6 18. Qe2 Ng7 19. fxe5 fxe5 20. Qb5 Nc5 21. Bxc5
dxc5 22. Qxc5 Rc8 23. Qe3 Ne8 24. Be2 Nd6 25. Rg2 Qd7 26. Qb6 Qc7 27. Qxc7
1/2-1/2

[Event "O pohar mesta Ricany 2016"]
[Site "Kulturni centrum Labut, 17. Listopadu 214 25101 Ricany"]
[Date "2016.08.31"]
[Round "6.21"]
[White "Lhotsky, Zdenek"]
[Black "Novotna, Tereza"]
[Result "1-0"]
[WhiteElo "1853"]
[BlackElo "1566"]
[PlyCount "0"]
[EventDate "2016.08.31"]

1. e4 c5 2. Nf3 Nc6 3. d4 cxd4 4. Nxd4 g6 5. c4 Bg7 6. Be3 Nf6 7. Nc3 Ng4
8. Qxg4 Nxd4 9. Qd1 Ne6 10. Rc1 Qa5 11. Qd2 b6 12. Be2 Bb7 13. f3 h5 14. O-O g5
15. Rfd1 d6 16. a3 h4 17. c5 bxc5 18. Bb5+ Kf8 19. Bc4 Nd4 20. Bxg5 Ba6 21. Nd5
Qxd2 22. Bxe7+ Kg8 23. Rxd2 Bxc4 24. Rxc4 Rh6 25. Ne3 Rg6 26. Kf2 h3 27. gxh3
Re8 28. Nd5 Rh6 29. h4 Rh5 30. Bxd6 Rxh4 31. Rd1 Rxh2+ 32. Bxh2 1-0

[Event "O pohar mesta Ricany 2016"]
[Site "Kulturni centrum Labut, 17. Listopadu 214 25101 Ricany"]
[Date "2016.08.31"]
[Round "6.23"]
[White "Maslo, Ondrej"]
[Black "Sadil, Jan"]
[Result "1-0"]
[WhiteElo "1750"]
[BlackElo "1798"]
[PlyCount "0"]
[EventDate "2016.08.31"]

1. e4 e5 2. Bc4 Nf6 3. d4 exd4 4. Nf3 Be7 5. e5 Ne4 6. Qxd4 Nc5 7. Nc3 Nc6
8. Qg4 g6 9. Qg3 Nb4 10. Ng5 Ne6 11. Nxe6 dxe6 12. Bb3 O-O 13. Bh6 Re8 14. Rd1
Bd7 15. Ne4 a5 16. c3 a4 17. Bc4 Nc6 18. Ng5 Ra5 19. f4 Rc5 20. Bd3 b5 21. Be4
b4 22. Nxe6 fxe6 23. h4 Kf7 24. f5 exf5 25. Bd5+ Rxd5 26. Rxd5 Bd6 27. Bg5 Qa8
28. O-O Nxe5 29. Rdd1 Qa7+ 30. Kh1 Ng4 31. Qxg4 bxc3 32. Qc4+ Be6 33. Qxc3 Bxa2
34. Qf6+ Kg8 35. Rfe1 Rf8 36. Qc3 Qf2 37. Rf1 Qg3 38. Qxg3 Bxg3 39. Rd7 Re8
40. Bf4 Bxf4 41. Rxf4 Re1+ 42. Kh2 Re2 43. Rxa4 Bf7 44. Ra8+ Kg7 45. Rxc7 Kf6
46. Ra6+ Be6 47. Rcc6 h6 48. Kg3 g5 49. h5 f4+ 50. Kf3 Re3+ 51. Kf2 g4 52. b4
Re5 53. b5 g3+ 54. Kf1 1-0

[Event "O pohar mesta Ricany 2016"]
[Site "Kulturni centrum Labut, 17. Listopadu 214 25101 Ricany"]
[Date "2016.08.31"]
[Round "6.24"]
[White "Stork, Rostislav"]
[Black "Otrubova, Kristyna"]
[Result "0-1"]
[WhiteElo "1779"]
[BlackElo "1564"]
[PlyCount "0"]
[EventDate "2016.08.31"]

1. e4 c5 2. f4 d5 3. e5 Nc6 4. Bb5 Bd7 5. Bxc6 Bxc6 6. Nf3 e6 7. O-O Ne7 8. d3
Qb6 9. Nc3 Nf5 10. Kh1 Be7 11. b3 O-O 12. Qe1 Rac8 13. Ne2 c4 14. d4 cxb3
15. cxb3 Bb5 16. g4 Bxe2 17. Qxe2 Nxd4 18. Qd3 Nc2 19. Rb1 Nb4 20. Qd1 Nxa2
21. Bd2 Nc3 22. Bxc3 Rxc3 23. f5 Qe3 0-1

[Event "O pohar mesta Ricany 2016"]
[Site "Kulturni centrum Labut, 17. Listopadu 214 25101 Ricany"]
[Date "2016.08.31"]
[Round "6.25"]
[White "Vorackova, Jarmila"]
[Black "Pivonka, Michael"]
[Result "1/2-1/2"]
[WhiteElo "1878"]
[BlackElo "1692"]
[PlyCount "0"]
[EventDate "2016.08.31"]

1. d4 d5 2. c4 c6 3. Nc3 Bf5 4. cxd5 cxd5 5. Qb3 Qd7 6. Qxd5 Nf6 7. Qxd7+ Nbxd7
8. e3 e6 9. Nf3 Rc8 10. Bb5 Bb4 11. Bxd7+ Nxd7 12. Bd2 Bd3 13. a3 Bd6 14. e4 O-O
15. Rc1 Nb6 16. e5 Be7 17. Ne2 Na4 18. b3 Nb6 19. a4 Nd5 20. Rxc8 Rxc8 21. Nc1
Ba6 22. Kd1 Nc3+ 23. Bxc3 Rxc3 24. Kd2 Bb4 25. Kd1 Ba3 26. Kd2 Bb4 27. Kd1 b6
28. Re1 Ba3 29. Kd2 Bb4 30. Kd1 Ba3 1/2-1/2

[Event "O pohar mesta Ricany 2016"]
[Site "Kulturni centrum Labut, 17. Listopadu 214 25101 Ricany"]
[Date "2016.08.31"]
[Round "6.26"]
[White "Pospichal, Michael"]
[Black "Civin, Dominik"]
[Result "0-1"]
[WhiteElo "1650"]
[BlackElo "1777"]
[PlyCount "0"]
[EventDate "2016.08.31"]

1. e4 e6 2. d4 d5 3. exd5 exd5 4. Bd3 Nc6 5. Nf3 Bd6 6. O-O Bg4 7. c3 Nge7
8. Bg5 f6 9. Bh4 Qd7 10. Nbd2 O-O-O 11. b4 g5 12. Bg3 h5 13. a4 f5 14. Bxd6 Qxd6
15. a5 h4 16. b5 Nb8 17. Qc2 Qf6 18. Ne5 Nd7 19. Nxd7 Rxd7 20. b6 cxb6 21. axb6
a6 22. c4 Qxd4 23. cxd5+ Kb8 24. Bb5 Rc8 25. Qa2 Rxd5 26. Bxa6 Qxd2 27. Qa3 Nc6
28. Bb5 Na5 29. Qxa5 Qxa5 30. Rxa5 Rcc5 31. f3 Bxf3 32. Rxf3 Rxb5 33. Re3 Rb1+
34. Kf2 Rd2+ 35. Re2 Rxe2+ 36. Kxe2 Rxb6 37. Rxf5 Rg6 38. Kf3 g4+ 39. Kf4 Kc7
40. Rh5 Kc6 41. Rxh4 b5 42. Rh8 b4 43. Rb8 Kc5 44. Ke4 Rh6 45. Rc8+ Kb5 46. Rb8+
Kc4 47. Rg8 Rd6 48. Rc8+ Kb3 49. Kf4 Rd4+ 50. Ke3 Rc4 51. Rd8 Rc2 52. h3 g3
53. Kf3 Rc3+ 54. Ke2 Kc2 55. Rd2+ Kc1 56. Rd1+ Kb2 57. Rd2+ Ka3 58. h4 b3 0-1

[Event "O pohar mesta Ricany 2016"]
[Site "Kulturni centrum Labut, 17. Listopadu 214 25101 Ricany"]
[Date "2016.08.31"]
[Round "6.27"]
[White "Vilimova, Julie"]
[Black "Hlavacek, Ondrej"]
[Result "1/2-1/2"]
[WhiteElo "1709"]
[BlackElo "1591"]
[PlyCount "0"]
[EventDate "2016.08.31"]

1. d4 Nf6 2. c4 c5 3. d5 g6 4. Nc3 d6 5. e4 Bg7 6. Nf3 O-O 7. Be2 e6 8. O-O
exd5 9. cxd5 a6 10. a4 Re8 11. Qc2 Nbd7 12. Bf4 Qc7 13. Nd2 Ne5 14. Bg3 Re7
15. h3 Ne8 16. f4 Nd7 17. Qd3 Qb6 18. Nc4 Qc7 19. e5 Nb6 20. Bh4 f6 21. Rad1 Bf5
22. Qd2 Nxc4 23. Bxc4 Bc8 24. Ne4 Rf7 25. e6 Rf8 26. f5 Rb8 27. Qd3 b5 28. axb5
axb5 29. Bxb5 Qb6 30. e7 Rf7 31. Bxe8 Rxe7 32. Ba4 c4+ 33. Qd4 Rxe4 34. Qxb6
Rxb6 35. Bf2 Rxb2 36. fxg6 hxg6 37. Bd4 Ra2 38. Bb5 Ree2 39. Bf2 Ba6 40. Bxa6
Rxa6 41. Rc1 Ra4 42. Bd4 f5 43. Bxg7 Kxg7 44. Rf2 Rxf2 45. Kxf2 Ra5 46. Rxc4
Rxd5 47. Ke3 Kf6 48. Kf4 g5+ 49. Ke3 Ke5 50. Rb4 Ra5 51. Rb3 Ra4 52. Rb5+ d5
53. Rb3 Ra2 54. Kf3 Ra5 55. Ke3 Ra1 56. Rd3 Ra2 57. Kf3 d4 58. Rb3 g4+ 59. hxg4
fxg4+ 60. Kxg4 Rxg2+ 61. Kf3 Rc2 62. Rb5+ Kd6 63. Ke4 Kc6 1/2-1/2

[Event "O pohar mesta Ricany 2016"]
[Site "Kulturni centrum Labut, 17. Listopadu 214 25101 Ricany"]
[Date "2016.08.31"]
[Round "6.28"]
[White "Hejsek, Lukas"]
[Black "Palla, Ivan"]
[Result "1/2-1/2"]
[WhiteElo "1668"]
[BlackElo "1553"]
[PlyCount "0"]
[EventDate "2016.08.31"]

1. e4 c5 2. b3 d6 3. Bb2 Nc6 4. f4 Nf6 5. Nc3 e5 6. fxe5 dxe5 7. Nf3 Bd6 8. Be2
Nd4 9. O-O Nxe2+ 10. Qxe2 O-O 11. Nb5 Re8 12. Nxd6 Qxd6 13. a4 Bg4 14. h3 Bd7
15. d3 Re7 16. Nd2 Rf8 17. Nc4 Qc7 18. Rf3 h6 19. Raf1 Nh7 20. Ne3 Be6 21. Nf5
Bxf5 22. Rxf5 f6 23. Qg4 Qb8 24. Bc1 Kh8 25. R1f3 Qe8 26. Rg3 Rg8 27. Rh5 Qf7
28. Be3 Rc7 29. Qg6 Qxg6 30. Rxg6 b6 31. Rg3 Nf8 32. Rf3 1/2-1/2

[Event "O pohar mesta Ricany 2016"]
[Site "Kulturni centrum Labut, 17. Listopadu 214 25101 Ricany"]
[Date "2016.08.31"]
[Round "6.29"]
[White "Kuhnmund, Ivan"]
[Black "Kucera, Josef"]
[Result "1/2-1/2"]
[WhiteElo "1709"]
[BlackElo "1716"]
[PlyCount "0"]
[EventDate "2016.08.31"]

1. e4 g6 2. h4 d5 3. h5 Bg7 4. exd5 Qxd5 5. Nc3 Bxc3 6. bxc3 Bf5 7. Be2 Nf6
8. hxg6 Bxg6 9. Bf3 Be4 10. d3 Bxf3 11. Qxf3 Rg8 12. g3 Nc6 13. Qxd5 Nxd5
14. Ne2 Rh8 15. Bh6 O-O-O 16. Bg7 Rhg8 17. Rxh7 e5 18. O-O-O f5 19. Bh6 Nf6
20. Rg7 Ng4 21. Rxg8 Rxg8 22. Be3 Rh8 23. Kd2 Rh2 24. Ke1 Rh1+ 25. Kd2 Rh2
26. Ke1 Rh1+ 1/2-1/2

[Event "O pohar mesta Ricany 2016"]
[Site "Kulturni centrum Labut, 17. Listopadu 214 25101 Ricany"]
[Date "2016.09.01"]
[Round "7.1"]
[White "Krejci, Jan"]
[Black "Cerny, Martin"]
[Result "1/2-1/2"]
[WhiteElo "2496"]
[BlackElo "2130"]
[PlyCount "0"]
[EventDate "2016.09.01"]

1. e4 {[%clk 1:30:56]} c5 {[%clk 1:30:37]} 2. Nf3 {[%clk 1:31:18]} e6
{[%clk 1:31:02]} 3. Nc3 {[%clk 1:31:33]} a6 {[%clk 1:30:42]} 4. d4
{[%clk 1:31:55]} cxd4 {[%clk 1:31:07]} 5. Nxd4 {[%clk 1:32:19]} Qc7
{[%clk 1:30:57]} 6. Bd3 {[%clk 1:32:40]} Nc6 {[%clk 1:31:16]} 7. Nxc6
{[%clk 1:32:46]} dxc6 {[%clk 1:30:12]} 8. O-O {[%clk 1:33:05]} Nf6
{[%clk 1:30:17]} 9. a4 {[%clk 1:23:04]} e5 {[%clk 1:29:05]} 10. Be3
{[%clk 1:19:43]} a5 {[%clk 1:24:55]} 11. h3 {[%clk 1:17:03]} Be6 {[%clk 1:22:05]}
12. Ne2 {[%clk 1:12:34]} Nd7 {[%clk 1:19:54]} 13. f4 {[%clk 1:10:21]} f6
{[%clk 1:06:40]} 14. Kh1 {[%clk 1:07:28]} Bc5 {[%clk 1:04:50]} 15. Bd2
{[%clk 1:06:31]} O-O {[%clk 1:05:12]} 16. f5 {[%clk 1:05:46]} Bf7
{[%clk 1:04:06]} 17. Ng3 {[%clk 1:06:10]} Qb6 {[%clk 1:02:53]} 18. b3
{[%clk 0:59:43]} Be3 {[%clk 0:59:31]} 19. Bxe3 {[%clk 0:52:44]} Qxe3
{[%clk 0:59:28]} 20. Qg4 {[%clk 0:47:52]} Nc5 {[%clk 0:54:19]} 21. Rae1
{[%clk 0:48:13]} Qh6 {[%clk 0:53:53]} 22. Rd1 {[%clk 0:45:35]} Rfd8
{[%clk 0:53:34]} 23. Qe2 {[%clk 0:43:13]} Rd4 {[%clk 0:49:15]} 24. c3
{[%clk 0:42:34]} Rxd3 {[%clk 0:44:32]} 25. Rxd3 {[%clk 0:43:03]} Nxd3
{[%clk 0:45:01]} 26. Qxd3 {[%clk 0:43:27]} Qg5 {[%clk 0:45:17]} 27. c4
{[%clk 0:42:03]} h5 {[%clk 0:44:51]} 28. Rd1 {[%clk 0:42:17]} h4 {[%clk 0:44:54]}
29. Nf1 {[%clk 0:42:42]} Bh5 {[%clk 0:44:36]} 30. Rd2 {[%clk 0:43:06]} Kh7
{[%clk 0:44:25]} 31. Kg1 {[%clk 0:40:33]} Rg8 {[%clk 0:42:13]} 32. c5
{[%clk 0:35:25]} Qf4 {[%clk 0:40:25]} 33. Qe3 {[%clk 0:33:10]} Qxe3+
{[%clk 0:40:08]} 34. Nxe3 {[%clk 0:33:39]} Bf7 {[%clk 0:39:44]} 35. Nc4
{[%clk 0:32:13]} Bxc4 {[%clk 0:39:13]} 36. bxc4 {[%clk 0:32:42]} Kh6
{[%clk 0:38:33]} 37. Kf2 {[%clk 0:32:18]} Rb8 {[%clk 0:27:16]} 38. Rd6
{[%clk 0:23:08]} Kg5 {[%clk 0:23:51]} 39. Kf3 {[%clk 0:21:25]} b6
{[%clk 0:23:13]} 40. Rd7 {[%clk 0:20:02]} Kh6 {[%clk 0:22:36]} 41. Ra7
{[%clk 0:16:52]} bxc5 {[%clk 0:22:15]} 42. Rxa5 {[%clk 0:17:20]} Rb3+
{[%clk 0:22:04]} 43. Ke2 {[%clk 0:14:26]} Rb2+ {[%clk 0:20:44]} 44. Kf3
{[%clk 0:14:34]} 1/2-1/2